Sports Quiz

Random Sports Quiz

Cheltenham Champion Hurdle Winners Quiz Stats

Quiz not verified by Sporcle

Challenge
Share
Tweet
Embed
Score 0/20 Timer 05:00
0 Plays Today
Year Answer % Correct
2016Annie Power
91.9%
2015Faugheen
89.2%
2013Hurricane Fly
86.5%
2011Hurricane Fly
86.5%
2014Jezki
78.4%
2000Istabraq
78.4%
1999Istabraq
78.4%
1998Istabraq
78.4%
2010Binocular
73%
2012Rock On Ruby
70.3%
Year Answer % Correct
2017Buveur D'air
65.6%
2009Punjabi
56.8%
2005Hardy Eustace
56.8%
2004Hardy Eustace
56.8%
2003Rooster Booster
51.4%
2008Katchit
48.6%
2006Brave Inca
45.9%
2007Sublimity
35.1%
2002Hors La Loi III
27%
1997Make A Stand
27%

You're not logged in!

Compare scores with friends on all Sporcle quizzes.
Sign Up with Email
OR
Log In

You Might Also Like...

Show Comments

Extras

Top Quizzes Today


Score Distribution

Your Account Isn't Verified!

In order to create a playlist on Sporcle, you need to verify the email address you used during registration. Go to your Sporcle Settings to finish the process.